Normal view
MARC view
- Syed Umer Bin Arif (00000170424)
Entry Personal Name
001 - CONTROL NUMBER
- control field: 116436
003 - CONTROL NUMBER IDENTIFIER
- control field: NUST
005 - DATE AND TIME OF LATEST TRANSACTION
- control field: 20230912165945.0
008 - FIXED-LENGTH DATA ELEMENTS
- fixed length control field: 230912|| aca||aabn | a|a d
040 ## - CATALOGING SOURCE
- Original cataloging agency: NUST
- Transcribing agency: NUST
100 ## - HEADING--PERSONAL NAME
- Personal name: Syed Umer Bin Arif (00000170424)
670 ## - SOURCE DATA FOUND
- Source citation: Work cat.: (NUST): Syed Umer Bin Arif (00000170424), Thermodynamic modeling and analysis of micro gas turbine as a range extender in electric vehicles with the evaluation of battery pack sizing /, 2019
